| 000 | 00427nam a22001697a 4500 | ||
|---|---|---|---|
| 003 | NUST - PNEC | ||
| 005 | 20170116181130.0 | ||
| 008 | 150915b xxu||||| |||| 00| 0 eng d | ||
| 020 | _a- | ||
| 040 | _cLIBRARY | ||
| 082 | _a629.1323 HOU | ||
| 100 |
_910645 _aHoughton, E.L. |
||
| 245 |
_aAerodynamics for engineering students _cE. L. Houghton |
||
| 260 | _cc.1961 | ||
| 650 |
_913912 _aAerodynamics _yME |
||
| 942 |
_2ddc _cBK |
||
| 999 |
_c69923 _d69923 |
||